Technology of synthetic resins and their application (Record no. 38809)

MARC details
000 -LEADER
fixed length control field 00379nam a2200145Ia 4500
082 ## - DEWEY DECIMAL CLASSIFICATION NUMBER
Classification number 678.6
Item number PAR;1
100 ## - MAIN ENTRY--AUTHOR NAME
Personal name Ashok Kumar
245 #0 - TITLE STATEMENT
Title Technology of synthetic resins and their application
260 ## - PUBLICATION, DISTRIBUTION, ETC. (IMPRINT)
Place of publication Delhi
Name of publisher SIRI
Year of publication 1983
650 ## - SUBJECT ADDED ENTRY--TOPICAL TERM
Topical Term Polyurethanes
650 ## - SUBJECT ADDED ENTRY--TOPICAL TERM
Topical Term Synthetic resins
700 ## - ADDED ENTRY--PERSONAL NAME
Personal name Pardeepkumar
942 ## - ADDED ENTRY ELEMENTS (KOHA)
Koha item type Books
Holdings
Withdrawn status Lost status Damaged status Not for loan Home library Current library Date acquired Cost, normal purchase price Full call number Accession Number Koha item type
        RRII Library RRII Library 16/12/2021 75.00 678.6 PAR;1 19160 Books